Former Jobs of Famous People Quiz Stats

Quiz Updated Jan 3, 2017

Challenge
Share
Tweet
Embed
Score 0/20 Timer 05:00
2 Plays Today
% Correct
Albert Einstein
83.9%
Babe Ruth
64.3%
Elvis Presley
63.5%
Johnny Carson
62.6%
Gerald Ford
59.3%
Harry Truman
58.9%
Paul Gauguin
57.3%
George Foreman
52.8%
Adolf Hitler
50.9%
William Faulkner
49%
% Correct
Bob Hope
43.4%
Perry Como
40.2%
Sean Connery
34.9%
Clark Gable
32.9%
O. Henry
32.3%
Golda Meir
30.7%
James Cagney
18.4%
W.C. Fields
16.4%
Dean Martin
15.5%
Marilyn Monroe
12%

You're not logged in!

Compare scores with friends on all Sporcle quizzes.
Sign Up with Email
OR
Log In

You Might Also Like...

Show Comments

Extras

Top Quizzes Today


Score Distribution

Your Account Isn't Verified!

In order to create a playlist on Sporcle, you need to verify the email address you used during registration. Go to your Sporcle Settings to finish the process.